000 01298nam0a22002771 4500
001 rc\4109657
005 20130415170533.8
021 _aRU
_b[48-23775]
035 _a(NLR Aleph) 007977653
090 _a8499698
_c8499698
100 _a20130415d1948 |||y0rusy50 ca
101 0 _arus
102 _aRU
105 _aa z |||a|
200 1 _aПоэмы
_e[Для сред. и ст. возраста]
_fРед., вступ. статья ["Историко-революционные поэмы Н.А. Некрасова", с. 5-22] и примеч. В.Е. Евгеньева-Максимова
_gРис. К. Клементьевой
210 _aМосква
_aЛенинград
_cИзд-во и 2-я ф-ка дет. книги Детгиза в Л.
_d1948
215 _a216 с.
_cил.
_d22
300 _aПеред загл. авт.: Н.А. Некрасов
700 1 _aНекрасов
_bН. А.
_cпоэт
_f1821-1877
_gНиколай Алексеевич
_3RU\NLR\AUTH\776255
702 1 _aЕвгеньев-Максимов
_bВ. Е.
_gВладислав Евгеньевич
_4340
702 1 _aКлементьева
_bК. А.
_gКсения Александровна
_4440
801 0 _aRU
_bNLR
_gpsbo
801 1 _aRU
_bELAR
_2rusmarc
852 _aNLR
_jДл02 Г-5/156
942 _cBOOK
980 _aNB